00972nam a2200241 i 4500001000700000003000900007007000300016008004100019100002800060245012100088260003500209300002200244490006200266500006000328650002900388655003300417700003000450830007000480852003200550942000800582999001900590952012100609145514ES-MaACLt|071015s1983 sp ||||1| spa d1 aVenegas, Alejo.911388610aPrimera parte de las diferencias de libros q[ue] ay en el universo /cAlejo Venegas ; prólogo de Daniel Eisenberg. aBarcelona : bPuvill, c[1983] a1 vol. ; c23 cm.1 aBiblioteca Hispánica "Puvill" ; v3. aSerie Literatura aReprod. facs. de la ed. de Toledo: Juan de Ayala, 1546.17aTeología2embne917457 72tgfbne9226495aFacsímiles1 aEisenberg, Daniel.9468540 aBiblioteca Hispánica "Puvill" ; v3. aSerie Literatura9220773 aES-MaACLjL-5141 bR.105537 2udc c145514d145514 00104070aATENEOMbATENEOMcDEPO2d2008-01-17eSCl0oL-5141p1151890r2023-02-23 00:00:00w2023-02-23yMONOGRAFIA